South China in the sixteenth century. Being the narratives of Galeote Pereira, Fr. Gaspar da Cruz, O.P., Fr. Martín de Rada, O.E.S.A. [1550-1575]. Edited by C. R. Boxer
Spremljeno u:
| Glavni autori: | , , |
|---|---|
| Format: | Knjiga |
| Jezik: | engleski |
| Izdano: |
Londres
Hakluyt Society
1953
|
| Izdanje: | 1a. ed |
| Serija: | Hakluyt Society, Second series, CVI
|
| Teme: | |
| Oznake: |
Dodaj oznaku
Bez oznaka, Budi prvi tko označuje ovaj zapis!
|
MARC
| LEADER | 00000nam a2200000 a 4500 | ||
|---|---|---|---|
| 001 | UCJ5635 | ||
| 003 | CL-VaPUC | ||
| 008 | 070124e19530000UK |||||||||||||||||eng|d | ||
| 082 | 0 | 4 | |a 910.4 |b PER |2 21 |
| 100 | 0 | |a Pereira, Galeote |e author |9 511067 | |
| 700 | 0 | |a Cruz, Gaspar da |e author |9 511068 | |
| 700 | 0 | |a Rada, Martín de |e author |9 511069 | |
| 245 | 1 | 0 | |a South China in the sixteenth century. Being the narratives of Galeote Pereira, Fr. Gaspar da Cruz, O.P., Fr. Martín de Rada, O.E.S.A. [1550-1575]. Edited by C. R. Boxer |
| 250 | |a 1a. ed | ||
| 300 | |a xci, 388 p | ||
| 942 | |c BK | ||
| 945 | |d 20070124 00:00:00 |a rinostro | ||
| 260 | |a Londres |b Hakluyt Society |c 1953 | ||
| 500 | |a Mapas e ilustraciones conforme a lo señalado en índices | ||
| 650 | 0 | |a Viajes |9 257115 | |
| 650 | 0 | |a Historia |9 255047 | |
| 650 | 7 | |a INSTITUCIONES |2 CL-VaPUC |9 329701 | |
| 650 | 0 | |a Cultura |9 269059 | |
| 650 | 0 | |a Misioneros |9 324171 | |
| 650 | 0 | |a Cronología |9 268356 | |
| 650 | 7 | |a DINASTIAS |2 CL-VaPUC |9 389767 | |
| 650 | 7 | |a LENGUA CHINA |2 CL-VaPUC |9 392011 | |
| 650 | 7 | |a GLOSARIO CHINO INGLES |2 CL-VaPUC |9 511070 | |
| 650 | 0 | |a Mapas |9 260844 | |
| 650 | 0 | |a Ilustraciones |9 369481 | |
| 651 | 0 | |a China |9 257545 | |
| 583 | |a last modification |c 20070124 00:00:00 |k Rodrigo Vera | ||
| 490 | 0 | |a Hakluyt Society, Second series, CVI | |
| 999 | |c 321744 |d 321742 | ||
| 952 | |0 0 |1 0 |4 0 |6 910_400000000000000_PER_1953 |7 0 |8 X |9 400571 |a FDOBUD |b FDOBUD |d 2019-11-22 |i 1037420 |o 910.4 PER 1953 |p 1037420 |r 2019-11-22 |w 2019-11-22 |y BK_X |k BUD | ||